000 00526cam a2200181 4500500
005 20260405003524.0
041 _afre
042 _adc
100 1 0 _aGoron, Gaëtan
_eauthor
245 0 0 _aPhilo croisés #81
260 _c2022.
500 _a86
690 _aGaëtan Goron
690 _aJeu
690 _aMots croisés
786 0 _nPhilosophie magazine | 160 | 6 | 2022-06-01 | p. 73-73 | 1951-1787
856 4 1 _uhttps://shs.cairn.info/magazine-philosophie-magazine-2022-6-page-73?lang=fr&redirect-ssocas=7080
999 _c2068347
_d2068347